| 000 | 01240nam a2200325 c 4500 | ||
|---|---|---|---|
| 003 | BLK | ||
| 005 | 20211020113112.0 | ||
| 008 | 180413b bul|||||r ||||||| ||bul|| | ||
| 010 | _aKNG00027705000 | ||
| 020 |
_a954-8240-51-3 _bиздат.: Обсидиан |
||
| 040 | _aBLK | ||
| 041 |
_aBUL _cBUL |
||
| 080 |
_aАмериканска литература (на САЩ) _b821.111(73) _x-312.4 _z821.111(73)-312.4 |
||
| 100 | 1 |
_aБалдачи, Дейвид _eпърви автор _935928 |
|
| 700 | 1 |
_aГерманов, Владимир _eпрев. от англ. _9363432 |
|
| 139 |
_aБалдачи, Дейвид _bБ 21 |
||
| 245 | 1 | 0 |
_aТотален контрол _bРоман _cДейвид Балдачи; прев. от англ. Владимир Германов. |
| 257 | _aUSA | ||
| 260 |
_аСофия _bОбсидиан _c1997 _fВ. Търново : Абагар |
||
| 300 |
_a432 с. _c20 см |
||
| 380 | _aX | ||
| 500 | _aОриг. загл. Total Control / David Baldacci. - Офс. изд. | ||
| 653 | _aтрилъри | ||
| 653 | _aромани | ||
| 852 | _aЦб 194776 | ||
| 856 | 4 |
_qpdf _u |
|
| 856 | 4 |
_qpdf _u |
|
| 942 |
_cKNG _n0 _019 |
||
| 944 |
_aCR _c15.01.2003 _lф / _kЛюдмила_Стоянова |
||
| 944 |
_aED _c10.12.2013 _lф / _k |
||
| 999 |
_c25170 _d25170 |
||